000 00563nam a2200217Ia 4500
003 OSt
005 20220918231520.0
006 a|||||r|||| 00| 0
007 ta
008 220917b |||||||| |||| 00| 0 eng d
024 _a303,814
037 _cTextual
040 _aARTS
_cARTS
_beng
041 _2eng
_aeng
082 _aP15,9, M3
100 _aLanman Charles Rokwell
_9154885
245 0 _aSanskrit reader
_bWith v ocabulary and notes
260 _c1983
942 _hP15,9, M3
_cTEXL
_2CC
999 _c291487
_d291487